000 01054naa a2200241 a 4500
001 79063
003 BD-RjUL
005 20211226115850.0
008 211226s19531332ir ||||| |||| 001 0 per d
035 _a(BD-RjUL)79063
040 _aBD-RjUL
_beng
_cBD-RjUL
_dBD-RjUL
041 _aper
082 _223
_a 027.550216
_bDAF V-3 1953
100 1 _aDanispazuh, Mohammad Taqi ;; دانش پژوه٬ محمد تقى
_9365
245 1 0 _a فهرست کتابخانه اهدائى آقاى سىد محمد مشکوة به کتابخانه دانشگاه تهران ;; Catalogue of Library donated by Mr. Seyed Mohammad Meshkooh to the University of Tehran Library /
_cمحمد تقى دانش پژوه ;; Mohammad Taqi Danispazuh.
260 _aTihrān :
_bČapḫāna-i danišgāh,
_c1953 [=1332]
300 _av. ; [690+8 p] ;
_c24 cm
490 _aIntišārāt-i Dānišgāh-i Tihrān;
_v, 303.
520 _aVol. 3.--
650 _vLibrary
_aCatalouge
_zIran
_9366
830 _aIntišārāt-i Dānišgāh-i Tihrān ;
_v303.
_9367
942 _2ddc
_cBK
999 _c79063
_d79063